[Event "Mistrzostwa Polski Juniorow do lat 16 - Chlopcy"]
[Site "Jastrzebia Gora"]
[Date "1899-12-30"]
[Round "9.1"]
[White "Malek, Jan"]
[Black "Zalega, Maciej"]
[Result "1-0"]
[WhiteTitle "m"]
[BlackTitle "I++"]
[WhiteElo "2389"]
[BlackElo "2140"]

1. d4 Nf6 2. c4 g6 3. Nc3 Bg7 4. e4 d6 5. Nf3 O-O 6. h3 c5 7. d5 e6 8. Bd3 exd5
9. exd5 Na6 10. O-O Nb4 11. Bb1 Bd7 12. Bg5 h6 13. Bh4 Qc7 14. Qd2 Nh7 15. a3
Na6 16. Re1 Rfe8 17. Be7 Be5 18. Rxe5 dxe5 19. d6 Qc8 20. Qxh6 Bf5 21. Nd5 1-0

[Event "Mistrzostwa Polski Juniorow do lat 16 - Chlopcy"]
[Site "Jastrzebia Gora"]
[Date "1899-12-30"]
[Round "9.2"]
[White "Klimkowski, Jan"]
[Black "Demski, Michal"]
[Result "1-0"]
[WhiteTitle "FM"]
[BlackTitle "I+"]
[WhiteElo "2481"]
[BlackElo "2009"]

1. d4 Nf6 2. c4 e6 3. Nc3 d5 4. cxd5 exd5 5. Bg5 Bb4 6. e3 h6 7. Bh4 g5 8. Bg3
Ne4 9. Nge2 Be6 10. Qa4+ Nc6 11. a3 Nxg3 12. Nxg3 Bxc3+ 13. bxc3 O-O 14. Qc2 Ne7
15. h4 Ng6 16. hxg5 hxg5 17. Bd3 Qe8 18. Rh5 g4 19. O-O-O Kg7 20. Rdh1 Kf6 21.
Rh7 Nh8 22. Qb3 Qc6 23. R1h6+ Ng6 24. Nh5+ Kg5 25. f4+ gxf3 26. gxf3 Qd6 27. f4+
Kg4 28. Nf6+ Kg3 29. Qb2 Nxf4 30. exf4 1-0

[Event "Mistrzostwa Polski Juniorow do lat 16 - Chlopcy"]
[Site "Jastrzebia Gora"]
[Date "1899-12-30"]
[Round "9.3"]
[White "Starosciak, Szymon"]
[Black "Rog, Bartlomiej"]
[Result "0-1"]
[WhiteTitle "I++"]
[BlackTitle "k"]
[WhiteElo "2037"]
[BlackElo "2127"]

1. c4 f5 2. d4 Nf6 3. Nc3 g6 4. g3 Bg7 5. Bg2 O-O 6. Nf3 d6 7. O-O c6 8. d5 e5
9. dxe6 Bxe6 10. b3 Ne4 11. Nxe4 Bxa1 12. Bg5 Qd7 13. Nc5 dxc5 14. Qxa1 Qg7 15.
Qc1 Re8 16. Bd2 Nd7 17. Bc3 Qe7 18. Ba1 Rf8 19. Qe3 Rae8 20. Ng5 Nf6 21. Nxe6
Qxe6 22. Qxc5 Qxe2 23. Qxa7 Re7 24. Bc3 Rff7 25. Qa8+ Re8 26. Qa5 Ne4 27. Ba1
h6 28. a4 Kh7 29. Qb6 Nd2 30. Rc1 Qe1+ 31. Rxe1 Rxe1+ 32. Bf1 Rxf1+ 33. Kg2 Rxa1
34. Qd4 Ra2 35. Qd6 Ne4 0-1

[Event "Mistrzostwa Polski Juniorow do lat 16 - Chlopcy"]
[Site "Jastrzebia Gora"]
[Date "1899-12-30"]
[Round "9.4"]
[White "Kejna, Piotr"]
[Black "Fiszer, Bartosz"]
[Result "1/2-1/2"]
[WhiteTitle "CM"]
[BlackTitle "CM"]
[WhiteElo "2027"]
[BlackElo "2232"]

1. e4 c5 2. Nf3 Nc6 3. d4 cxd4 4. Nxd4 g6 5. Nc3 Bg7 6. Be3 Nf6 7. Bc4 O-O 8. Bb3
d6 9. f3 Bd7 10. Qd2 Nxd4 11. Bxd4 b5 12. h4 a5 13. a4 bxa4 14. Nxa4 h5 15. Nb6
Ra6 16. Nxd7 Nxd7 17. O-O Qc7 18. Ra3 Bxd4+ 19. Qxd4 Rb8 20. Rfa1 Ra7 21. Qd5
e6 22. Qd2 Qc5+ 23. Qf2 Kg7 24. Qxc5 Nxc5 25. Rxa5 Rab7 26. Rd1 Rb6 27. Ra7 Rc6
28. Rd2 Nxb3 29. cxb3 Rxb3 30. Rd7 Rcb6 31. R7xd6 1/2-1/2

[Event "Mistrzostwa Polski Juniorow do lat 16 - Chlopcy"]
[Site "Jastrzebia Gora"]
[Date "1899-12-30"]
[Round "9.5"]
[White "Janeczko, Jakub"]
[Black "Meers, Hubert"]
[Result "1/2-1/2"]
[WhiteTitle "I++"]
[BlackTitle "k"]
[WhiteElo "2221"]
[BlackElo "2150"]

1. e4 c6 2. Nc3 d5 3. Nf3 dxe4 4. Nxe4 Nf6 5. Qe2 Nxe4 6. Qxe4 Qd5 7. Qh4 Qf5 8.
Bc4 Be6 9. O-O Bxc4 10. Qxc4 Nd7 11. a4 Ne5 12. Nxe5 Qxe5 13. d4 Qd5 14. Qd3 e6
15. Rd1 Bd6 16. c4 Qh5 17. g3 O-O 18. a5 a6 19. Bd2 Rad8 20. Bc3 Rd7 21. b4 Rfd8
22. Rd2 Be7 23. Qe3 Bf6 24. Re1 Qf5 25. Kg2 h5 26. h3 g5 27. Qe2 Bxd4 28. Rxd4
Rxd4 29. Qxh5 e5 30. Re3 Kg7 31. h4 Qg4 32. Qxg4 Rxg4 33. Rxe5 Rxc4 34. Rxg5+
Kh7 35. Rh5+ Kg6 36. Rg5+ Kh7 37. Rh5+ Kg6 38. Rg5+ Kh7 1/2-1/2

[Event "Mistrzostwa Polski Juniorow do lat 16 - Chlopcy"]
[Site "Jastrzebia Gora"]
[Date "1899-12-30"]
[Round "9.6"]
[White "Raczek, Krzysztof"]
[Black "Madej, Marek"]
[Result "1-0"]
[WhiteTitle "k"]
[BlackTitle "I++"]
[WhiteElo "2186"]
[BlackElo "2052"]

1. c4 g6 2. Nc3 Bg7 3. d4 c5 4. d5 d6 5. e4 e6 6. Be3 Nf6 7. h3 O-O 8. Bd3 exd5
9. exd5 Na6 10. Nf3 Nb4 11. Be2 Bf5 12. Rc1 Ne4 13. g4 Nxc3 14. bxc3 Nxa2 15.
gxf5 Nxc1 16. Qxc1 Qf6 17. Bd3 b5 18. cxb5 c4 19. Bd4 Qe7+ 20. Be2 Rae8 21. Qc2
Qb7 22. Bxg7 Kxg7 23. Qd2 Re4 24. O-O Qe7 25. Nd4 Rh4 26. Qe3 Qf6 27. Kh2 Qd8
28. Qg3 Kh8 29. Bf3 Rg8 30. Rg1 g5 31. Kg2 h5 32. Kf1 Kh7 33. Be2 g4 34. hxg4
hxg4 35. Kg2 Rh3 36. Rh1 Qg5 37. Rxh3+ gxh3+ 38. Kh2 Qc1 39. Qh4+ Kg7 40. Nf3
Qxc3 41. Qg3+ Kh8 42. Qxh3+ Kg7 43. Qg3+ Kh8 44. Qh4+ Kg7 45. Qxc4 Qa5 46. Qf4
Qc7 47. f6+ Kf8 48. Qh6+ Ke8 49. Qg7 Rf8 50. Qg4 Kd8 51. Qc4 Qd7 52. Ng5 Qf5 53.
f4 Qb1 54. Kg2 Qb2 55. Kg3 Qa1 56. Qe4 Qg1+ 57. Qg2 Qd4 58. Qf2 Qc3+ 59. Bf3 Qa3
60. b6 Qb3 61. bxa7 Kc7 62. Qe1 Ra8 63. Qe7+ Kb6 64. Qxd6+ Kxa7 65. Qc7+ Ka6 66.
Kf2 Qb6+ 67. Qxb6+ Kxb6 68. Nxf7 Rf8 69. Ne5 1-0

[Event "Mistrzostwa Polski Juniorow do lat 16 - Chlopcy"]
[Site "Jastrzebia Gora"]
[Date "1899-12-30"]
[Round "9.7"]
[White "Dylong, Antoni"]
[Black "Grot, Blazej"]
[Result "1/2-1/2"]
[WhiteTitle "I+"]
[BlackTitle "CM"]
[WhiteElo "2034"]
[BlackElo "1862"]

1. e4 c5 2. c3 Nf6 3. e5 Nd5 4. d4 cxd4 5. cxd4 Nc6 6. Nf3 d6 7. Bc4 Nb6 8. Bb5
dxe5 9. Nxe5 Bd7 10. Bxc6 Bxc6 11. Nxc6 bxc6 12. O-O e6 13. Nc3 Be7 14. Be3 O-O
15. Rc1 Qd7 16. Qe2 Rfd8 17. Rfd1 Rab8 18. h3 Rbc8 19. Qa6 Rb8 20. Qe2 Rbc8 21.
Qa6 Rb8 22. Qe2 1/2-1/2

[Event "Mistrzostwa Polski Juniorow do lat 16 - Chlopcy"]
[Site "Jastrzebia Gora"]
[Date "1899-12-30"]
[Round "9.8"]
[White "Dziewonski, Dariusz"]
[Black "Pancewicz, Szymon"]
[Result "1/2-1/2"]
[WhiteTitle "k"]
[BlackTitle "I+"]
[WhiteElo "2237"]
[BlackElo "1909"]

1. e4 c5 2. Nf3 e6 3. d4 cxd4 4. Nxd4 Nf6 5. Nc3 Nc6 6. Ndb5 Bc5 7. Bf4 O-O 8.
Bc7 Qe7 9. Bd6 Bxd6 10. Qxd6 Qd8 11. O-O-O a6 12. Nd4 Ne7 13. Nb3 Ne8 14. Qg3
b5 15. e5 Bb7 16. Bd3 Nd5 17. Nxd5 Bxd5 18. Rhe1 d6 19. Be4 Bxe4 20. Rxe4 d5 21.
Re2 b4 22. f4 Nc7 23. Nd4 Nb5 24. f5 Nxd4 25. Rxd4 exf5 26. Qf4 a5 27. Qxf5 Qb6
28. Red2 Qe6 29. g4 Rad8 30. Qf3 Qxe5 31. Rxd5 Qc7 32. g5 g6 33. Qg3 Qb6 34. b3
Rxd5 35. Rxd5 Re8 36. Qd6 Qxd6 37. Rxd6 Re5 38. h4 Kg7 39. Rd7 Rf5 40. Kb2 h6
41. gxh6+ Kxh6 42. a3 Rf4 43. Ra7 Rxh4 44. Rxf7 Re4 45. Ra7 bxa3+ 46. Kxa3 Re5
47. c4 g5 48. b4 axb4+ 49. Kxb4 Re1 50. c5 Rc1 51. Kb5 g4 52. c6 Kg5 53. Ra3 Kh4
54. Ra4 Kh3 55. Rc4 Rb1+ 56. Ka6 Rb8 57. c7 Rc8 58. Kb7 Rxc7+ 59. Rxc7 g3 60.
Rh7+ Kg2 61. Kc6 Kf2 62. Rf7+ Ke2 1/2-1/2

[Event "Mistrzostwa Polski Juniorow do lat 16 - Chlopcy"]
[Site "Jastrzebia Gora"]
[Date "1899-12-30"]
[Round "9.9"]
[White "Krawczyk, Flawian"]
[Black "Kazmierowski, Tymon"]
[Result "1/2-1/2"]
[WhiteTitle "CM"]
[BlackTitle "I++"]
[WhiteElo "1988"]
[BlackElo "1998"]

1. e4 c5 2. Nf3 d6 3. d4 cxd4 4. Nxd4 Nf6 5. f3 e5 6. Nb3 d5 7. Bg5 d4 8. c3 Nc6
9. cxd4 Bb4+ 10. Bd2 Nxe4 11. Bxb4 Qh4+ 12. g3 Nxg3 13. hxg3 Qxh1 14. Bc5 Bh3
15. N1d2 O-O-O 16. Qc2 Bxf1 17. O-O-O Qh6 18. Rxf1 b6 19. Ba3 exd4 20. Qf5+ Rd7
21. Kb1 Qg6 22. Qxg6 hxg6 23. Rc1 Kb7 24. Ne4 Rhd8 25. Nbd2 Ne5 26. Nc4 Nxc4 27.
Rxc4 d3 28. Nd2 Re8 29. Re4 Rxe4 30. fxe4 Rc7 31. Bb4 Rc2 32. Bc3 f6 33. a4 Kc6
34. Ka2 Rc1 35. e5 fxe5 36. Bxe5 Kd5 37. Bf4 Rc8 38. Kb3 Kd4 39. Kb4 Rc2 40. Kb3
1/2-1/2

[Event "Mistrzostwa Polski Juniorow do lat 16 - Chlopcy"]
[Site "Jastrzebia Gora"]
[Date "1899-12-30"]
[Round "9.10"]
[White "Kusiak, Mateusz"]
[Black "Kutowski, Marcel"]
[Result "0-1"]
[WhiteTitle "I++"]
[BlackTitle "I++"]
[WhiteElo "1909"]
[BlackElo "2070"]

1. e4 c5 2. b3 d6 3. Bb2 Nf6 4. Nc3 Nc6 5. Bb5 Bd7 6. Nge2 a6 7. Bxc6 Bxc6 8. d3
e6 9. f4 d5 10. Ng3 d4 11. Nb1 h5 12. Qf3 Qc7 13. a4 Ng4 14. Bc1 g6 15. O-O f5
16. Bd2 Bh6 17. Na3 O-O 18. h3 Nf6 19. Rae1 h4 20. Nh1 Nh5 21. Nc4 fxe4 22. Qg4
e3 23. Ba5 Qg7 24. Qxe6+ Kh7 25. Qg4 Nxf4 26. g3 Bd7 27. Qd1 e2 28. Rxe2 Nxe2+
29. Qxe2 Bxh3 30. Rxf8 Rxf8 31. Kh2 Bd7 32. gxh4 b5 33. Nb6 Bf4+ 34. Ng3 Qf6 35.
Nxd7 Qxh4+ 36. Kg2 Qxg3+ 37. Kf1 Qh3+ 38. Ke1 Bg3+ 0-1

[Event "Mistrzostwa Polski Juniorow do lat 16 - Chlopcy"]
[Site "Jastrzebia Gora"]
[Date "1899-12-30"]
[Round "9.12"]
[White "Kubik, Rafal"]
[Black "Borowik, Wojciech"]
[Result "1-0"]
[WhiteTitle "I++"]
[BlackTitle "I++"]
[WhiteElo "1995"]
[BlackElo "1890"]

1. e4 c5 2. c3 d5 3. exd5 Qxd5 4. d4 Nc6 5. Nf3 Bf5 6. Be3 Nf6 7. Na3 cxd4 8. Bc4
Qa5 9. Nxd4 Nxd4 10. Bxd4 e5 11. Bb5+ Bd7 12. Bxd7+ Nxd7 13. Nc4 Qc7 14. Qe2 f6
15. f4 Bd6 16. O-O-O O-O 17. Nxd6 Qxd6 18. Qc4+ Kh8 19. Bf2 Qe7 20. Qc7 Rfd8 21.
fxe5 fxe5 22. Be3 b5 23. h4 h6 24. Rd2 Rac8 25. Qd6 Qxd6 26. Rxd6 Nf6 27. Rhd1
Rxd6 28. Rxd6 b4 29. Kc2 bxc3 30. bxc3 Rc4 31. Kb3 Rxh4 32. Bxa7 Rh1 33. a4 Ra1
34. Bc5 Kg8 35. Ba3 Kf7 36. a5 e4 37. Rd2 Re1 38. Bc5 e3 39. Ra2 Ne4 40. Bd4 Nd2+
41. Kc2 Ne4 42. Kd3 Nf2+ 43. Kc4 Ne4 44. a6 e2 45. a7 Nd6+ 46. Kd3 Rg1 47. Kxe2
Rxg2+ 48. Bf2 Ne4 49. Kf3 Rxf2+ 50. Rxf2 Nxf2 51. Kxf2 1-0

[Event "Mistrzostwa Polski Juniorow do lat 16 - Chlopcy"]
[Site "Jastrzebia Gora"]
[Date "1899-12-30"]
[Round "9.13"]
[White "Trzebinski, Patryk"]
[Black "Paszkowski, Krystian"]
[Result "1-0"]
[WhiteTitle "I++"]
[BlackTitle "I++"]
[WhiteElo "1826"]
[BlackElo "1992"]

1. e4 c5 2. Nc3 Nc6 3. f4 g6 4. Nf3 Bg7 5. Bb5 Nd4 6. O-O e6 7. e5 a6 8. Bd3 Nxf3+
9. Qxf3 d5 10. b3 h5 11. a4 b6 12. Ba3 Qc7 13. Qf2 Bf8 14. Ne2 Bb7 15. c3 Nh6
16. h3 Nf5 17. Rac1 Be7 18. Bb1 Qd7 19. Rfd1 Rc8 20. d4 c4 21. Bxe7 Qxe7 22. Bxf5
gxf5 23. b4 h4 24. Kh2 Kd7 25. Ng1 Rcg8 26. Nf3 Kc7 27. Ng5 Bc8 28. Qa2 Bd7 29.
a5 Bb5 30. Rg1 Kb7 31. axb6 Rh5 32. g3 hxg3+ 33. Rxg3 Rgh8 34. Rcg1 Kb8 35. Qg2
Qf8 36. Rh1 Rh4 37. Qf3 Kb7 38. Kg2 Kxb6 39. Kf2 Qe7 40. Ke3 Kc6 41. Qg2 Ra8 42.
Ra1 Qf8 43. Qa2 Qh6 44. Rh1 Ra7 45. Rgg1 Ra8 46. Qh2 Qf8 47. Nf3 Rh6 48. Ra1 Qg7
49. Rhg1 Qh8 50. Rg3 Qd8 51. Ra5 Qe7 52. Qg2 Rah8 53. h4 Kb6 54. Ra1 Qf8 55. Rg1
a5 56. bxa5+ Ka6 57. Qb2 Qd8 58. Rb1 Qd7 59. Qb4 Rb8 60. Rg7 Rhh8 61. Ng5 Rxh4
62. Rxf7 Qd8 63. Qc5 1-0

[Event "Mistrzostwa Polski Juniorow do lat 16 - Chlopcy"]
[Site "Jastrzebia Gora"]
[Date "1899-12-30"]
[Round "9.14"]
[White "Malinowski, Szymon"]
[Black "Gbiorczyk, Mikolaj"]
[Result "0-1"]
[WhiteTitle "I++"]
[BlackTitle "I+"]
[WhiteElo "1946"]
[BlackElo "1853"]

1. d4 f5 2. c4 Nf6 3. Nc3 d6 4. Bg5 g6 5. e3 Bg7 6. f4 O-O 7. Nf3 Nbd7 8. Be2 c6
9. O-O Qe8 10. Re1 h6 11. Bh4 e5 12. Bf1 e4 13. Nd2 Kh8 14. b4 Rg8 15. c5 d5 16.
b5 g5 17. fxg5 Ng4 18. h3 Nxe3 19. Rxe3 Bxd4 20. Bf2 f4 21. Ndxe4 Bxe3 22. Bxe3
fxe3 23. Nd6 Qe6 24. Qd4+ Ne5 25. Re1 Rxg5 26. Rxe3 Kg8 27. Ne2 Qf6 28. h4 Rh5
29. Qc3 Bd7 30. Ng3 Rf8 31. Qe1 Ng4 32. Nxh5 Qd4 33. Qb1 Qxe3+ 34. Kh1 Nf2+ 35.
Kh2 Ng4+ 36. Kh1 Nf2+ 37. Kh2 Qe5+ 38. Ng3 Ng4+ 39. Kh3 Ne3+ 0-1

[Event "Mistrzostwa Polski Juniorow do lat 16 - Chlopcy"]
[Site "Jastrzebia Gora"]
[Date "1899-12-30"]
[Round "9.15"]
[White "Musial, Igor"]
[Black "Duda, Szymon"]
[Result "1-0"]
[WhiteTitle "I"]
[BlackTitle "I+"]
[WhiteElo "1825"]
[BlackElo "1768"]

1. e4 c5 2. Nf3 Nc6 3. d4 cxd4 4. Nxd4 Nf6 5. Nc3 e6 6. Nxc6 bxc6 7. e5 Nd5 8.
Ne4 Qc7 9. f4 Rb8 10. c4 Bb4+ 11. Ke2 O-O 12. a3 Be7 13. cxd5 cxd5 14. Nd6 f6
15. Nxc8 Qxc8 16. exf6 Bxf6 17. Rb1 e5 18. Qxd5+ Kh8 19. Kd1 Qc7 20. Bd3 Rb6 21.
Be3 Re6 22. Rc1 Qb8 23. Qb5 Qa8 24. Rc2 d5 25. Bf5 Ree8 26. Bc5 Rf7 27. fxe5 Rxe5
28. Re1 Rxe1+ 29. Kxe1 Bh4+ 30. Bf2 Bxf2+ 31. Rxf2 Qf8 32. Re2 a6 33. Qd7 Rxf5
34. Qxf5 Qxf5 35. Re8+ Qf8 36. Rxf8# 1-0

[Event "Mistrzostwa Polski Juniorow do lat 16 - Chlopcy"]
[Site "Jastrzebia Gora"]
[Date "1899-12-30"]
[Round "9.16"]
[White "Nowak, Filip"]
[Black "Sliz, Karol"]
[Result "0-1"]
[WhiteTitle "I"]
[BlackTitle "I"]
[WhiteElo "1893"]
[BlackElo "1672"]

1. e4 c5 2. Nf3 Nc6 3. d4 cxd4 4. Nxd4 g6 5. c4 Nf6 6. Nc3 Nxd4 7. Qxd4 d6 8. Be3
Bg7 9. f3 O-O 10. Qd2 Bd7 11. Be2 a5 12. b3 Bc6 13. O-O Nd7 14. Rab1 Nc5 15. a3
b6 16. Rfc1 Qc7 17. Rc2 Rfc8 18. Bf1 Ne6 19. Rcc1 Qb7 20. Nd5 Bxd5 21. exd5 Nc7
22. b4 axb4 23. Qxb4 Na6 24. Qxb6 Qxb6 25. Rxb6 Nc5 26. Rcb1 Rxa3 27. Rb8 Ra8
28. Rxc8+ Rxc8 29. Kf2 Bf6 30. Be2 Kg7 31. g4 h6 32. f4 g5 33. Kf3 Na4 34. fxg5
hxg5 35. Rb7 Nc3 36. Bf1 Rh8 37. h3 Kg6 38. Bd3+ Kg7 39. Bf1 Kg6 40. Bd3+ Kg7
41. Kg2 Nd1 42. Ba7 Rc8 43. Kf3 Nb2 44. Rb3 Nxc4 45. Bxc4 Rxc4 46. Be3 Rc2 47.
Ke4 Kg6 48. Rd3 Rh2 49. Bd4 Bxd4 50. Kxd4 Rc2 51. Re3 Rc7 52. Re1 Ra7 53. Kc4
Rc7+ 54. Kd4 Kf6 55. Rf1+ Kg6 56. Re1 Kf6 57. Rf1+ Kg7 58. Re1 Kf8 59. Rf1 Rc2
60. Rf5 Rh2 61. Rf3 Ke8 62. Re3 Rf2 63. Ra3 Rf4+ 64. Ke3 e6 65. dxe6 fxe6 66.
Ra5 e5 67. Ra7 Rf7 68. Ra8+ Ke7 69. Rg8 Kf6 70. Rd8 Ke6 71. Rg8 Rh7 72. Rxg5 Rxh3+
73. Kf2 e4 74. Rg8 Rf3+ 75. Ke2 d5 76. Re8+ Kf7 77. Rd8 Rd3 78. Rd6 Ke7 79. Rg6
Rg3 80. Kd2 d4 81. g5 Rg2+ 82. Ke1 e3 83. Ra6 d3 0-1

[Event "Mistrzostwa Polski Juniorow do lat 16 - Chlopcy"]
[Site "Jastrzebia Gora"]
[Date "1899-12-30"]
[Round "9.17"]
[White "Lonski, Aleksander"]
[Black "Ugorek, Kacper"]
[Result "0-1"]
[WhiteTitle "I"]
[BlackTitle "I"]
[WhiteElo "1707"]
[BlackElo "1650"]

1. e4 c5 2. c4 Nc6 3. Nc3 g6 4. g3 Bg7 5. Bg2 e6 6. Nge2 Nge7 7. O-O O-O 8. d3
a6 9. Be3 Nd4 10. Rb1 Nec6 11. a3 d6 12. b4 Rb8 13. b5 axb5 14. Nxb5 Nxb5 15.
Rxb5 Bd7 16. Rb1 Qa5 17. Qb3 Ra8 18. Bc1 Rfb8 19. f4 b5 20. cxb5 Nd4 21. Nxd4
Bxd4+ 22. Kh1 Qxb5 23. Qxb5 Bxb5 24. Rb3 Ba4 25. Rxb8+ Rxb8 26. Bf3 Bc2 27. Be2
c4 28. dxc4 Bxe4+ 29. Bf3 Bxf3+ 30. Rxf3 Rb1 31. Rf1 Be3 32. a4 Rxc1 0-1

[Event "Mistrzostwa Polski Juniorow do lat 16 - Chlopcy"]
[Site "Jastrzebia Gora"]
[Date "1899-12-30"]
[Round "9.18"]
[White "Wierzbicki, Dawid"]
[Black "Jaworski, Tymon"]
[Result "1/2-1/2"]
[WhiteTitle "I"]
[BlackTitle "I+"]
[WhiteElo "1766"]
[BlackElo "1825"]

1. d4 Nf6 2. Nf3 d6 3. Nbd2 Nbd7 4. e4 g6 5. Bb5 c6 6. Bd3 Bg7 7. O-O e5 8. dxe5
dxe5 9. b3 O-O 10. Ba3 c5 11. Nc4 Qc7 12. Ne3 b6 13. c4 Bb7 14. Nd5 Bxd5 15. cxd5
Ne8 16. Rc1 Nd6 17. Qe2 a5 18. Bb2 Rae8 19. Rc2 Re7 20. a3 Rc8 21. Ba6 Ra8 22.
Bb5 f5 23. Ng5 Nf8 24. f3 h6 25. Nh3 Nd7 26. b4 Rc8 27. Rfc1 Nxb5 28. Qxb5 Ree8
29. Nf2 Bf8 30. exf5 gxf5 31. Qd3 Nf6 32. Qxf5 Nxd5 33. Ng4 Bg7 34. Qg6 axb4 35.
Rd2 bxa3 36. Bxa3 Nf4 37. Nf6+ Kf8 38. Nxe8 Rxe8 39. Qf5+ Qf7 40. Qxf7+ Kxf7 41.
Rb1 e4 42. fxe4 Bd4+ 43. Rxd4 Ne2+ 44. Kf1 Nxd4 45. Rxb6 Rxe4 46. Bxc5 Nf5 47.
Ba3 Re6 48. Rb7+ Kg6 49. Bb2 h5 50. Kf2 Rc6 51. Kf3 Nh4+ 52. Kg3 Nf5+ 53. Kf3
Nh4+ 54. Kg3 Nf5+ 55. Kf3 Nh4+ 56. Kg3 1/2-1/2

[Event "Mistrzostwa Polski Juniorow do lat 16 - Chlopcy"]
[Site "Jastrzebia Gora"]
[Date "1899-12-30"]
[Round "9.19"]
[White "Stepinski, Piotr"]
[Black "Brozynski, Patryk"]
[Result "1-0"]
[WhiteTitle "I"]
[BlackTitle "II+"]
[WhiteElo "1759"]
[BlackElo "1910"]

1. e4 c5 2. Nf3 e6 3. d4 cxd4 4. Nxd4 Nc6 5. Nc3 Qc7 6. Be3 a6 7. Be2 Nf6 8. O-O
b5 9. Nxc6 dxc6 10. f4 Bb7 11. e5 Rd8 12. Qe1 Nd5 13. Nxd5 cxd5 14. c3 Bc5 15.
Bd4 Bxd4+ 16. cxd4 Qc2 17. Rb1 Rc8 18. Qd1 Qe4 19. Kh1 Ke7 20. Bf3 Qe3 21. Be2
Qe4 22. Bf3 Qc2 23. Qe1 Rhd8 24. Qh4+ Kf8 25. f5 Kg8 26. f6 gxf6 27. Bh5 f5 28.
Qg5+ Kf8 29. Rbc1 Qxb2 30. Rc7 Rxc7 31. Qxd8+ Kg7 32. Qxc7 Ba8 33. Qxf7+ Kh6 34.
Bd1 1-0

[Event "Mistrzostwa Polski Juniorow do lat 16 - Chlopcy"]
[Site "Jastrzebia Gora"]
[Date "1899-12-30"]
[Round "9.20"]
[White "Przybylski, Bartosz"]
[Black "Ptaszynski, Szymon"]
[Result "1/2-1/2"]
[WhiteTitle "I"]
[BlackTitle "I"]
[WhiteElo "1868"]
[BlackElo "1764"]

1. e4 e5 2. Nc3 Nc6 3. Bc4 Nf6 4. d3 h6 5. Nge2 Bc5 6. O-O d6 7. Be3 Bd4 8. Bxd4
Nxd4 9. Nxd4 exd4 10. Nb5 c5 11. Nxd6+ Qxd6 12. e5 Qc6 13. exf6 Qxf6 14. Re1+
Kf8 15. Qh5 Bf5 16. Qf3 Rb8 17. Qd5 b6 18. Re5 g6 19. Rae1 Rd8 20. Qf3 h5 21.
a4 Kg7 22. Re7 Rd7 23. Qe2 Rhd8 24. Bb5 Rxe7 25. Qxe7 Qxe7 26. Rxe7 a5 27. Rb7
Rd6 28. f3 Kf6 29. Kf2 Be6 30. b3 Bd5 31. Rb8 Be6 32. h4 Kf5 33. Rb7 Kf6 34. Be8
Bd5 35. Rc7 Kg7 36. Kg3 Rf6 37. Bd7 Kf8 38. Bh3 Kg7 39. Re7 Kf8 40. Re5 Bc6 41.
Bc8 Kg7 42. Ba6 Bd7 43. Bc4 Kf8 44. Rd5 Ke7 45. Re5+ Kd6 46. Re4 Bc6 47. Rf4 Ke5
48. Rxf6 Kxf6 49. Kf4 Bb7 50. g4 Bc6 51. g5+ Ke7 52. Ba6 1/2-1/2

[Event "Mistrzostwa Polski Juniorow do lat 16 - Chlopcy"]
[Site "Jastrzebia Gora"]
[Date "1899-12-30"]
[Round "9.21"]
[White "Marek, Grzegorz"]
[Black "Szymkiewicz, Witold"]
[Result "0-1"]
[WhiteTitle "I"]
[BlackTitle "I+"]
[WhiteElo "1657"]
[BlackElo "1754"]

1. e4 e6 2. d4 d5 3. exd5 exd5 4. Nf3 Nf6 5. Bd3 Bd6 6. O-O O-O 7. h3 Re8 8. Bg5
h6 9. Bh4 g5 10. Bg3 Bxg3 11. fxg3 Be6 12. g4 Nbd7 13. Nbd2 Rc8 14. Re1 c5 15.
c3 Qb6 16. Qb1 Re7 17. Bc2 Ne8 18. Kh1 Nd6 19. dxc5 Nxc5 20. Nd4 Rce8 21. b4 Nd7
22. Bd3 Qc7 23. Qb2 Rc8 24. Rac1 a6 25. Bb1 Nf6 26. Bd3 Rce8 27. Qc2 Bc8 28. Rxe7
Qxe7 29. N2f3 Nde4 30. Kg1 Qd6 31. Re1 Bd7 32. Qb3 Qg3 33. Qc2 h5 34. gxh5 Bxh3
35. c4 Rc8 36. c5 g4 37. Nf5 Qf4 38. Ne7+ Kf8 39. Nxc8 gxf3 40. Bxe4 Nxe4 41.
Rxe4 dxe4 42. gxh3 Qg3+ 43. Kf1 e3 44. Nd6 e2+ 45. Qxe2 Qxh3+ 46. Ke1 fxe2 47.
Kxe2 Qxh5+ 48. Kd3 Qd5+ 49. Kc3 f5 50. a4 f4 51. a5 f3 0-1

[Event "Mistrzostwa Polski Juniorow do lat 16 - Chlopcy"]
[Site "Jastrzebia Gora"]
[Date "1899-12-30"]
[Round "9.22"]
[White "Murawski, Milosz"]
[Black "Maslanka, Wojciech"]
[Result "1/2-1/2"]
[WhiteTitle "I"]
[BlackTitle "k"]
[WhiteElo "1691"]
[BlackElo "2090"]

1. c4 e5 2. Nc3 Nf6 3. g3 Bb4 4. Bg2 O-O 5. Nf3 Re8 6. O-O Bxc3 7. bxc3 Nc6 8.
Qc2 d6 9. e4 Be6 10. d3 h6 11. Rb1 b6 12. Ne1 Qd7 13. f4 exf4 14. gxf4 Bh3 15.
f5 Bxg2 16. Qxg2 Kh7 17. Kh1 Rg8 18. Rg1 Ne5 19. Qh3 Qa4 20. Nf3 Nxf3 21. Qxf3
b5 22. cxb5 Rab8 23. Rb2 Rxb5 24. Rbg2 Rb1 25. Qe3 Ne8 26. Rg3 d5 27. e5 d4 28.
Qe4 Qxa2 29. Rh3 Rxc1 30. Rxc1 Qd2 31. Rg1 dxc3 32. Qe3 f6 33. e6 Qxe3 34. Rxe3
Nd6 35. Rf1 Re8 36. d4 Nb5 37. d5 Rd8 38. Rd3 Kg8 39. Rb1 a6 40. Kg2 Kf8 41. Kf3
c6 42. d6 Rxd6 43. Rxd6 Nxd6 44. Rb6 Nxf5 45. Ke4 Nd6+ 46. Kd3 Ke7 47. Rxc6 Kxe6
48. Rxa6 Ke5 49. Kxc3 Ne4+ 50. Kc4 h5 51. Ra5+ Kf4 52. Rxh5 g5 53. Kd4 f5 54.
Kd3 Kf3 55. Rh8 g4 56. Ra8 f4 57. Ra2 Ng5 58. Kd2 Kg2 59. Kd3+ Kh3 60. Ra5 Kh4
61. Ra8 Kh3 62. Ra5 Nf3 63. Ke4 Nxh2 64. Kxf4 g3 65. Ra3 Nf1 66. Rxg3+ Nxg3 67.
Ke4 1/2-1/2

[Event "Mistrzostwa Polski Juniorow do lat 16 - Chlopcy"]
[Site "Jastrzebia Gora"]
[Date "1899-12-30"]
[Round "9.23"]
[White "Wandor, Adam"]
[Black "Stanislawski, Karol"]
[Result "1-0"]
[WhiteTitle "II+"]
[BlackTitle "I"]
[WhiteElo "1641"]
[BlackElo "1844"]

1. e4 c5 2. Nf3 Nc6 3. d4 cxd4 4. Nxd4 Nf6 5. Nc3 e5 6. Ndb5 d6 7. Bg5 a6 8. Na3
b5 9. Nd5 Be7 10. Bxf6 Bxf6 11. c3 O-O 12. Nc2 Rb8 13. Nce3 g6 14. g3 Bg7 15.
Bg2 Ne7 16. O-O f5 17. f4 Be6 18. Qd3 Nxd5 19. Nxd5 Kh8 20. Rad1 Qd7 21. b3 Qa7+
22. Kh1 Rbc8 23. Nb4 a5 24. Nd5 Qc5 25. b4 axb4 26. cxb4 Qc4 27. a3 fxe4 28. Bxe4
Qxd3 29. Rxd3 Rc4 30. Re1 Bf5 31. Bxf5 gxf5 32. Ne3 Re4 33. Rxd6 exf4 34. gxf4
Rfe8 35. Kg2 Bc3 36. Re2 Rxf4 37. Rf2 Rg8+ 38. Kf1 Re4 39. Nc2 f4 40. Rd5 Rb8
41. Rf5 Be5 42. Ne1 Rd8 43. Re2 Rxe2 44. Kxe2 Re8 45. Kf3 Kg7 46. Nd3 Bd6 47.
Nxf4 Ra8 48. Nh5+ Kh8 49. Rd5 Rxa3+ 50. Kg4 Ra6 51. Kf5 Rb6 52. h4 Be7 53. Re5
Rh6 54. Rxe7 Rxh5+ 55. Kf6 h6 56. Kg6 1-0